000 01284pam a2200325 a 4500
001 2540395
003 OSt
005 20230704122114.0
008 940228r19941982mdu b 001 0 eng
010 _a 94007281
020 _a0801849012 (pbk. : alk. paper)
040 _aDLC
_cDLC
_dDLC
043 _an-us---
050 0 0 _aE836
_b.G73 1994
082 0 0 _a353
_220
_bGRE
100 1 _aGreenstein, Fred I.
245 1 4 _aThe hidden-hand presidency :
_bEisenhower as leader /
_cFred I. Greenstein.
250 _aJohns Hopkins pbk. ed.
260 _aBaltimore, Md. :
_bJohns Hopkins University Press,
_cc1994.
300 _axxii, 286 p. ;
_c24 cm.
500 _aPreviously published: New York : Basic Books, c1982.
504 _aIncludes bibliographical references and index.
600 1 0 _aEisenhower, Dwight D.
_q(Dwight David),
_d1890-1969.
650 0 _aPolitical leadership
_zUnited States
_xCase studies.
651 0 _aUnited States
_xPolitics and government
_y1953-1961.
856 4 2 _3Publisher description
_uhttp://www.loc.gov/catdir/description/jhu051/94007281.html
906 _a7
_bcbc
_corignew
_d1
_eocip
_f19
_gy-gencatlg
942 _2ddc
_cBK
999 _c3796
_d3796